| 000 | 00385nam a2200145Ia 4500 | ||
|---|---|---|---|
| 008 | 160319s9999 xx 000 0 und d | ||
| 245 | _a25 Best World's Famous Folf Dances & Ethnic Music / | ||
| 260 | _bAquarius Records. | ||
| 300 | _a1 video disc : | ||
| 300 | _bsound, colored ; | ||
| 300 | _c4 3/4 in. | ||
| 440 | _vvol. 7 | ||
| 650 | _aFolk dances-- | ||
| 650 | _xPhilippines. | ||
| 999 |
_c292768 _d292768 |
||